शततारका (Record no. 184182)

MARC details
000 -LEADER
fixed length control field 00433nam a2200157Ia 4500
008 - FIXED-LENGTH DATA ELEMENTS--GENERAL INFORMATION
fixed length control field 090124s9999 xx 000 0 und d
082 ## - DEWEY DECIMAL CLASSIFICATION NUMBER
Item number 202601
245 ## - TITLE STATEMENT
Title शततारका
250 ## - EDITION STATEMENT
Edition statement 1
260 ## - PUBLICATION, DISTRIBUTION, ETC. (IMPRINT)
Name of publisher, distributor, etc जोशी बंडू गणपती
Date of publication, distribution, etc 1980
300 ## - PHYSICAL DESCRIPTION
Extent 99+11
630 ## - SUBJECT ADDED ENTRY--UNIFORM TITLE
Uniform title शततारका
700 ## - ADDED ENTRY--PERSONAL NAME
Personal name जोशी बंडू गणपती
730 ## - ADDED ENTRY--UNIFORM TITLE
Uniform title शततारका
942 ## - ADDED ENTRY ELEMENTS (KOHA)
Koha item type Book
Holdings
Withdrawn status Lost status Damaged status Not for loan Home library Current library Date acquired Cost, normal purchase price Total Checkouts Full call number Barcode Date last seen Cost, replacement price Price effective from Koha item type
        Marathi Granth Sangrahalaya,Thane Marathi Granth Sangrahalaya,Thane   12.50   202601 THNMGS-202601 01/24/2009 12.50 01/24/2009 Book